Music Quiz

Random Music or Decade Quiz
Score 0/24 Timer 04:00
1 Play Today
Question Answer Wrong Answers
Girls Just Want to Have Fun
- Cyndi Lauper -
1980s
87.8%
1960s
1%
1970s
4.9%
1990s
2.9%
Karma Chameleon
- Culture Club -
1980s
85.4%
1960s
1.6%
1970s
6.2%
1990s
3.3%
I Get Around
- The Beach Boys -
1960s
85.3%
1970s
8%
1980s
2.4%
1990s
1%
Don't Speak
- No Doubt -
1990s
84.8%
1960s
0.9%
1970s
2%
1980s
8.7%
Baby Love
- The Supremes -
1960s
83.5%
1970s
9.6%
1980s
2.4%
1990s
1.1%
Self Esteem
- The Offspring -
1990s
83.1%
1960s
2.2%
1970s
4%
1980s
6.9%
How Deep Is Your Love
- Bee Gees -
1970s
83%
1960s
7.1%
1980s
5.7%
1990s
0.8%
Black Hole Sun
- Soundgarden -
1990s
81.8%
1960s
2.1%
1970s
3.7%
1980s
8.6%
Every Breath You Take
- The Police -
1980s
81.4%
1960s
0.8%
1970s
11.8%
1990s
2.6%
Stairway to Heaven
- Led Zeppelin -
1970s
80.7%
1960s
9.4%
1980s
5.8%
1990s
0.8%
The Final Countdown
- Europe -
1980s
80.5%
1960s
0.9%
1970s
9.4%
1990s
5.7%
Insane in the Brain
- Cypress Hill -
1990s
75.8%
1960s
1.8%
1970s
4.2%
1980s
14.3%
Respect
- Aretha Franklin -
1960s
75.5%
1970s
18%
1980s
2.5%
1990s
0.6%
Like a Rolling Stone
- Bob Dylan -
1960s
75.1%
1970s
18.5%
1980s
2.6%
1990s
0.4%
Zombie
- The Cranberries -
1990s
74.7%
1960s
3.4%
1970s
4.1%
1980s
14.4%
Jeremy
- Pearl Jam -
1990s
73.8%
1960s
1.6%
1970s
5.3%
1980s
15.9%
No Woman, No Cry
- Bob Marley & The Wailers -
1970s
68.3%
1960s
15.5%
1980s
11%
1990s
1.7%
The Sound of Silence
- Simon & Garfunkel -
1960s
65.4%
1970s
27.4%
1980s
3%
1990s
0.8%
More Than a Feeling
- Boston -
1970s
63.5%
1960s
2%
1980s
29.1%
1990s
1.9%
Master of Puppets
- Metallica -
1980s
61.7%
1960s
0.7%
1970s
5.7%
1990s
28.4%
White Rabbit
- Jefferson Airplane -
1960s
54.1%
1970s
34.5%
1980s
5.8%
1990s
2.1%
Born to Run
- Bruce Springsteen -
1970s
49.7%
1960s
1.9%
1980s
43.6%
1990s
1.5%
Rasputin
- Boney M. -
1970s
41.7%
1960s
9.3%
1980s
17.3%
1990s
28%
Straight Outta Compton
- N.W.A. -
1980s
38.3%
1960s
1.1%
1970s
2.2%
1990s
55%
Remove Ads.
Support Sporcle.
Get the best of Sporcle when you Go Orange. This ad-free experience offers more features, more stats, and more fun while also helping to support Sporcle. Thank you for becoming a member.

You're not logged in!

Compare scores with friends on all Sporcle quizzes.
OR
Log In

Show Comments

Extras

Top Quizzes Today


Score Distribution

Your Account Isn't Verified!

In order to create a playlist on Sporcle, you need to verify the email address you used during registration. Go to your Sporcle Settings to finish the process.

Report this User

Report this user for behavior that violates our Community Guidelines.

Details: